000 00587nam a2200205Ia 4500
005 20250326141106.0
008 250326s9999 xx 000 0 und d
020 _a0-324-00430-3
037 _aTextbook
040 _aFMSL
_beng
_cFMSL
041 _aeng
_2eng
084 _aX:8D P0
_qFMSL
100 _aMelicher R W
_9743686
245 0 _aFice: Introduction to institution investments and management
_cMelicher R W; Norton E A
250 _aEd 10
260 _aUS
_bUS, Thomas Learning
_c2000
300 _axxv,677
942 _cTB
_hX:8D P0
999 _c1288669
_d1288669